000 00807nam a2200229 a 4500
999 _c10994
_d10994
001 10994
003 BD-JhCC
005 20190717095217.0
008 190617b2002 bg |||| |||| 000 0 ben d
020 _a9788124707364
035 _a(BD-JhCC)10994
040 _aBD-JhCC
_dBD-JhCC
041 _aben
082 _a020
_bDAS 2014
100 _aদাশগুপ্ত, অর্জুন
245 _aগ্রন্থাগার বিজ্ঞানের পঞ্চসূত্র /
_cঅর্জুন দাশগুপ্ত,
260 _aকলিকাতা :
_bপশ্চিমবঙ্গ রাজ্য পুস্তক পর্ষৎ,
_c২০১৪
300 _a৯৪ পৃ. :
_c১৯ সেমি.
650 _aLibrary science
650 _aLibraries
942 _2ddc
_cBK